Oxford advanced learner's dictionary of current English

Αποθηκεύτηκε σε:
Λεπτομέρειες βιβλιογραφικής εγγραφής
Κύριος συγγραφέας: Hornby, A. S
Μορφή: Βιβλίο
Έκδοση: Oxford University Press 1992
Ετικέτες: Προσθήκη ετικέτας
Δεν υπάρχουν, Καταχωρήστε ετικέτα πρώτοι!
Thư viện lưu trữ: Mạng thư viện Đại học Đà Nẵng
LEADER 00548nam a2200217 a 4500
001 000030371
003 7179
005 20171030145630.0
008 171030s1992
040 |a LTT 
082 0 |a 423  |b HO-A 
100 1 |a Hornby, A. S 
245 0 0 |a Oxford advanced learner's dictionary of current English  |c A. S. Hornby. 
260 |b Oxford University Press  |c 1992 
OWN |a LTT 
999 |a From the UDN01 
TYP |a Monograph 
TYP |a Printed language 
980 |a Mạng thư viện Đại học Đà Nẵng